000 00347nam a2200145Ia 4500
008 230711s9999||||xx |||||||||||||| ||und||
041 _aENG
082 _a671
_bOG-W
100 _aOgden,Harry
245 0 _aWorkshop science and material
250 _a1st
260 _c1985
_aLondon
_bElbs Britain
650 _aMechanical Engineering
942 _cBK
999 _c1144
_d1144